[Event "Andalucia-chT Honor final"]
[Site "Marbella"]
[Date "2018.12.01"]
[Round "2.4"]
[White "Terron Elena, Francisco Miguel"]
[Black "Melero Fidalgo, Juan de Dios"]
[Result "1/2-1/2"]
[WhiteElo "2210"]
[BlackElo "2333"]
[PlyCount "143"]
[EventDate "2018.12.01"]
[EventType "team-k.o."]
[EventRounds "3"]
[EventCountry "ESP"]
[SourceTitle "CBM 189 Extra"]
[Source "ChessBase"]
[SourceDate "2019.06.03"]
[SourceVersion "1"]
[SourceVersionDate "2019.06.03"]
[SourceQuality "1"]
[WhiteTeam "La Trocha Coin"]
[BlackTeam "Oromana CEN Solutions"]
[WhiteTeamCountry "ESP"]
[BlackTeamCountry "ESP"]

1. d4 Nf6 2. c4 e6 3. Nc3 Bb4 4. e3 b6 5. Bd3 Bb7 6. Nf3 Ne4 7. Qc2 f5 8. 0-0 Bxc3 9. bxc3 0-0 10. Nd2 Qh4 11. f3 Nxd2 12. Qxd2 Nc6 13. Ba3 d6 14. c5 dxc5 15. Rab1 Rab8 16. dxc5 Rfd8 17. cxb6 axb6 18. Qc2 Ne5 19. Be2 Ra8 20. Rb4 Qf6 21. Bc1 Nc6 22. Rb3 Qe7 23. a3 Na5 24. Rb4 Rd6 25. Rd4 Rad8 26. Rfd1 Nc6 27. Rxd6 Rxd6 28. Rxd6 Qxd6 29. Qd3 Qxd3 30. Bxd3 Kf7 31. Kf2 Ne5 32. Be2 Bd5 33. f4 Nc4 34. Bxc4 Bxc4 35. g3 Ke7 36. Kf3 Bd3 37. Kf2 Kd6 38. Ke1 Kd5 39. Kd2 Ke4 40. a4 Bc4 41. Ba3 c5 42. a5 bxa5 43. Bxc5 Kf3 44. Bf8 g6 45. Bc5 Kg2 46. Ke1 a4 47. Be7 Kxh2 48. Kf2 h6 49. Bd6 Kh1 50. Be7 g5 51. fxg5 hxg5 52. e4 Kh2 53. exf5 exf5 54. Bxg5 a3 55. Bc1 a2 56. Bb2 Bd5 57. c4 Bxc4 58. Kf3 Be6 59. Kf2 Bd5 60. Be5 Kh3 61. Ke3 Kg4 62. Ke2 Bc6 63. Ke3 Bb5 64. Kf2 Kg5 65. Ke3 Bc6 66. Bc3 Bd7 67. Be5 Kg6 68. Kd2 Kf7 69. Kc1 Ke6 70. Bc3 Bb5 71. Kb2 Bc4 72. Ba5 1/2-1/2

[Event "Andalucia-chT Honor Occidental"]
[Site "Andalucia"]
[Date "2018.11.18"]
[Round "7.4"]
[White "Carretero Ortiz, Francisco"]
[Black "Melero Fidalgo, Juan de Dios"]
[Result "0-1"]
[WhiteElo "2216"]
[BlackElo "2333"]
[PlyCount "74"]
[EventDate "2018.09.30"]
[EventType "team-tourn"]
[EventRounds "7"]
[EventCountry "ESP"]
[SourceTitle "EXT 2020"]
[Source "ChessBase"]
[SourceDate "2019.10.17"]
[SourceVersion "1"]
[SourceVersionDate "2019.10.17"]
[SourceQuality "1"]
[WhiteTeam "Gomez Feria CAS"]
[BlackTeam "Oromana CEN Solutions"]
[WhiteTeamCountry "ESP"]
[BlackTeamCountry "ESP"]

1. Nc3 d5 2. Nf3 Nf6 3. d3 c5 4. e4 d4 5. Ne2 Nc6 6. g3 e5 7. Bg2 Be7 8. 0-0 0-0 9. Nh4 Re8 10. h3 g6 11. Nf3 b5 12. a4 bxa4 13. Rxa4 a5 14. Nd2 Ba6 15. f4 Nd7 16. b3 Bb5 17. Ra1 a4 18. bxa4 Rxa4 19. Rb1 Qa5 20. Nf3 c4 21. fxe5 cxd3 22. cxd3 Ndxe5 23. Nf4 Nxf3+ 24. Bxf3 Ne5 25. Bd2 Qa6 26. Nd5 Bd8 27. Be2 Bd7 28. Rb8 Bxh3 29. Nf6+ Bxf6 30. Rxe8+ Kg7 31. Qc1 h5 32. Bh6+ Kh7 33. Bf8 g5 34. Re1 Ra2 35. Rxe5 Rxe2 36. Rxe2 Qxd3 37. Rxg5 Qxe2 0-1

[Event "Andalucia-chT Honor Occidental"]
[Site "Andalucia"]
[Date "2018.11.17"]
[Round "6.4"]
[White "Melero Fidalgo, Juan de Dios"]
[Black "Cuellar Montes, Alejandro"]
[Result "1-0"]
[WhiteElo "2333"]
[BlackElo "2034"]
[PlyCount "85"]
[EventDate "2018.09.30"]
[EventType "team-tourn"]
[EventRounds "7"]
[EventCountry "ESP"]
[SourceTitle "EXT 2020"]
[Source "ChessBase"]
[SourceDate "2019.10.17"]
[SourceVersion "1"]
[SourceVersionDate "2019.10.17"]
[SourceQuality "1"]
[WhiteTeam "Oromana CEN Solutions"]
[BlackTeam "Bahia Sur Pai Hotel"]
[WhiteTeamCountry "ESP"]
[BlackTeamCountry "ESP"]

1. d4 Nf6 2. c4 e6 3. Nc3 d5 4. Nf3 c5 5. cxd5 Nxd5 6. e3 cxd4 7. exd4 Nxc3 8. bxc3 Be7 9. Bd3 0-0 10. Qc2 h6 11. 0-0 Nc6 12. Qe2 Qc7 13. Bd2 Bd7 14. Rac1 Rac8 15. Rfe1 Rfd8 16. Bb1 Bf8 17. c4 Bb4 18. d5 Bxd2 19. Qxd2 Na5 20. Ne5 Ba4 21. Qd3 Rxd5 22. Qh7+ Kf8 23. Qh8+ Ke7 24. Qxg7 Rxe5 25. Rxe5 Nxc4 26. Re4 b5 27. Qxh6 Qc5 28. h4 Rg8 29. Qf4 Qc6 30. g3 Qd7 31. Kh2 a6 32. Rd4 Qa7 33. Rdxc4 bxc4 34. Rxc4 Bd7 35. Bd3 a5 36. Qd4 Qa8 37. Qc5+ Ke8 38. Be4 Qb8 39. Qxa5 Qb2 40. Qa8+ Ke7 41. Qxg8 Qxf2+ 42. Bg2 Bb5 43. Rf4 1-0

[Event "Roquetas de Mar op 29th"]
[Site "Roquetas de Mar"]
[Date "2018.01.05"]
[Round "6"]
[White "Pap, Misa"]
[Black "Melero Fidalgo, Juan de Dios"]
[Result "1-0"]
[WhiteElo "2491"]
[BlackElo "2353"]
[PlyCount "67"]
[EventDate "2018.01.02"]
[EventType "swiss"]
[EventRounds "9"]
[EventCountry "ESP"]
[SourceTitle "CBM 182 Extra"]
[Source "ChessBase"]
[SourceDate "2018.02.23"]
[SourceVersion "1"]
[SourceVersionDate "2018.02.23"]
[SourceQuality "1"]

1. e4 d5 2. exd5 Qxd5 3. Nc3 Qe5+ 4. Be2 c6 5. Nf3 Qc7 6. d4 Nf6 7. 0-0 e6 8. Ne5 Nbd7 9. f4 Be7 10. Be3 0-0 11. Bd3 a6 12. Qf3 c5 13. Qh3 cxd4 14. Bxd4 Bc5 15. Bxc5 Nxc5 16. Ng4 Ncd7 17. Kh1 Qc5 18. Rad1 Rb8 19. Ne5 h6 20. Rde1 Qc7 21. Rf3 Re8 22. Rg3 Kf8 23. Ne4 Nxe4 24. Rxe4 Nf6 25. Re2 Bd7 26. c4 Rbd8 27. Qh4 Bc6 28. h3 Rd4 29. Ree3 Red8 30. Rxg7 Kxg7 31. Rg3+ Kf8 32. Qxf6 Rxd3 33. Qxh6+ Ke7 34. Qg5+ 1-0

[Event "Seville op 42nd"]
[Site "Seville"]
[Date "2017.01.20"]
[Round "8"]
[White "Lopez Martinez, Josep Manuel"]
[Black "Melero Fidalgo, Juan de Dios"]
[Result "1-0"]
[WhiteElo "2552"]
[BlackElo "2340"]
[PlyCount "119"]
[EventDate "2017.01.13"]
[EventType "swiss"]
[EventRounds "9"]
[EventCountry "ESP"]
[SourceTitle "EXT 2019"]
[Source "ChessBase"]
[SourceDate "2018.10.10"]
[SourceVersion "1"]
[SourceVersionDate "2018.10.10"]
[SourceQuality "1"]

1. d4 Nf6 2. c4 e6 3. Nf3 Bb4+ 4. Bd2 Bxd2+ 5. Qxd2 0-0 6. g3 d5 7. Bg2 c6 8. 0-0 Nbd7 9. Rc1 b6 10. b4 a5 11. b5 cxb5 12. cxb5 Bb7 13. Nc3 Qe7 14. Qb2 Rfc8 15. a3 Rc7 16. Na4 Rac8 17. e3 Qd8 18. Bf1 h6 19. Bd3 Rxc1+ 20. Rxc1 Rxc1+ 21. Qxc1 Qc8 22. Qxc8+ Bxc8 23. h3 Kf8 24. Nd2 Ke7 25. f4 Ne8 26. g4 Bb7 27. Kf2 f6 28. Kg3 Nd6 29. Kh4 Kf7 30. Kh5 e5 31. Nc3 e4 32. Bc2 g6+ 33. Kh4 f5 34. Kg3 Ke6 35. Bd1 Nf6 36. g5 Ng8 37. gxh6 Nxh6 38. Be2 Nhf7 39. Na4 Nc8 40. h4 Nfd6 41. h5 gxh5 42. Kh4 Kf6 43. Kxh5 Nf7 44. Nb1 Kg7 45. Nbc3 Kf6 46. Bd1 Nfd6 47. Bb3 Ke6 48. Kg6 Ne8 49. Kg5 Nf6 50. Bd1 Ne8 51. Bh5 Nf6 52. Bg6 Nd6 53. Nxb6 Ng4 54. Nd1 Nh2 55. Na4 Nf3+ 56. Kh6 Kf6 57. Nc5 Bc8 58. b6 Nd2 59. Nc3 Be6 60. Nb5 1-0

[Event "Seville op 42nd"]
[Site "Seville"]
[Date "2017.01.17"]
[Round "5"]
[White "Melero Fidalgo, Juan de Dios"]
[Black "Valenti, Giuseppe"]
[Result "1-0"]
[WhiteElo "2340"]
[BlackElo "2123"]
[PlyCount "75"]
[EventDate "2017.01.13"]
[EventType "swiss"]
[EventRounds "9"]
[EventCountry "ESP"]
[SourceTitle "EXT 2019"]
[Source "ChessBase"]
[SourceDate "2018.10.10"]
[SourceVersion "1"]
[SourceVersionDate "2018.10.10"]
[SourceQuality "1"]

1. d4 Nf6 2. c4 e6 3. Nc3 c5 4. d5 exd5 5. cxd5 d6 6. e4 g6 7. Nge2 Bg7 8. Ng3 0-0 9. Be2 a6 10. a4 Re8 11. 0-0 Nbd7 12. f3 Rb8 13. Bg5 h6 14. Be3 Qc7 15. Qd2 Kh7 16. Rfc1 Qd8 17. Nh1 Ne5 18. Nf2 Qe7 19. Ncd1 b5 20. axb5 axb5 21. b4 Nfd7 22. Ra7 Qf8 23. f4 Nc4 24. Bxc4 bxc4 25. bxc5 Nxc5 26. Bxc5 dxc5 27. e5 Rb4 28. Ne4 Rd8 29. d6 Bf5 30. Nxc5 Rdb8 31. Nd7 Bxd7 32. Rxd7 Qc8 33. Rxf7 Qc5+ 34. Qe3 Qd5 35. Rc7 Rb3 36. Nc3 Qa5 37. Qa7 Qxa7+ 38. Rxa7 1-0

[Event "Seville op 42nd"]
[Site "Seville"]
[Date "2017.01.15"]
[Round "3"]
[White "Melero Fidalgo, Juan de Dios"]
[Black "Parligras, Mircea Emilian"]
[Result "0-1"]
[WhiteElo "2340"]
[BlackElo "2605"]
[PlyCount "76"]
[EventDate "2017.01.13"]
[EventType "swiss"]
[EventRounds "9"]
[EventCountry "ESP"]
[SourceTitle "EXT 2019"]
[Source "ChessBase"]
[SourceDate "2018.10.10"]
[SourceVersion "1"]
[SourceVersionDate "2018.10.10"]
[SourceQuality "1"]

1. e4 e5 2. Nf3 Nc6 3. Bb5 a6 4. Ba4 d6 5. d4 exd4 6. Nxd4 Bd7 7. Bxc6 bxc6 8. 0-0 Be7 9. Nc3 Bf6 10. Qd3 Ne7 11. f4 0-0 12. Nf3 Ng6 13. Ne2 Re8 14. Ng3 Rb8 15. c3 c5 16. a4 a5 17. Nd2 Bc6 18. Nc4 Bh4 19. e5 dxe5 20. Qxd8 Rbxd8 21. Nxa5 Ba8 22. fxe5 Rxe5 23. Bf4 Nxf4 24. Rxf4 Bg5 25. Rf5 Rxf5 26. Nxf5 Rd2 27. g3 Rg2+ 28. Kf1 Rxh2 29. Re1 Rh1+ 30. Kf2 Rxe1 31. Kxe1 Be4 32. Nh4 Bc1 33. Nb3 Bxb2 34. Kd2 Ba3 35. g4 g6 36. a5 Bb7 37. Na1 c4 38. Nc2 Be7 0-1

[Event "Utrera op 14th"]
[Site "Utrera"]
[Date "2016.07.13"]
[Round "2.6"]
[White "Gentes Benito, Angel"]
[Black "Melero Fidalgo, Juan de Dios"]
[Result "0-1"]
[WhiteElo "1886"]
[BlackElo "2339"]
[PlyCount "66"]
[EventDate "2016.07.12"]
[EventType "swiss"]
[EventRounds "9"]
[EventCountry "ESP"]
[SourceTitle "EXT 2024"]
[Source "ChessBase"]
[SourceDate "2023.10.10"]
[SourceVersion "1"]
[SourceVersionDate "2023.10.10"]
[SourceQuality "1"]

1. e4 e6 2. d4 d5 3. e5 b6 4. Bd3 Qd7 5. Ne2 Ba6 6. 0-0 c5 7. c3 Bxd3 8. Qxd3 Nc6 9. Na3 Nge7 10. Nc2 h5 11. Bg5 Ng6 12. f4 Be7 13. Bxe7 Ngxe7 14. Ne3 g6 15. a3 c4 16. Qc2 Na5 17. Nc1 Nec6 18. a4 0-0-0 19. Ra3 Qe7 20. Qb1 Kb7 21. Qa2 f6 22. b4 cxb3 23. Nxb3 fxe5 24. fxe5 Rhf8 25. Rb1 Rf7 26. Nc5+ Ka8 27. Nd3 Rdf8 28. Nb4 Qg5 29. Qe2 Rf2 30. Qe1 Nc4 31. Nxc6 Qxe3 32. Qxe3 Nxe3 33. Raa1 Rxg2+ 0-1

[Event "Lorca op 4th"]
[Site "Lorca"]
[Date "2015.12.30"]
[Round "8"]
[White "Granero Roca, Antonio"]
[Black "Melero Fidalgo, Juan de Dios"]
[Result "1/2-1/2"]
[WhiteElo "2410"]
[BlackElo "2277"]
[PlyCount "23"]
[EventDate "2015.12.26"]
[EventType "swiss"]
[EventRounds "9"]
[EventCountry "ESP"]
[SourceTitle "CBM 170 Extra"]
[Source "ChessBase"]
[SourceDate "2016.02.25"]
[SourceVersion "1"]
[SourceVersionDate "2016.02.25"]
[SourceQuality "1"]

1. d4 Nf6 2. c4 c5 3. d5 e5 4. Nc3 d6 5. e4 Be7 6. Be2 Nbd7 7. Nf3 Nf8 8. a3 Ng6 9. b4 b6 10. g3 h6 11. h4 Bd7 12. Rb1 1/2-1/2

[Event "Lorca op 4th"]
[Site "Lorca"]
[Date "2015.12.28"]
[Round "4"]
[White "Lalic, Bogdan"]
[Black "Melero Fidalgo, Juan de Dios"]
[Result "1/2-1/2"]
[WhiteElo "2446"]
[BlackElo "2277"]
[PlyCount "43"]
[EventDate "2015.12.26"]
[EventType "swiss"]
[EventRounds "9"]
[EventCountry "ESP"]
[SourceTitle "CBM 170 Extra"]
[Source "ChessBase"]
[SourceDate "2016.02.25"]
[SourceVersion "1"]
[SourceVersionDate "2016.02.25"]
[SourceQuality "1"]

1. c4 e5 2. Nc3 Nc6 3. g3 f5 4. Bg2 Nf6 5. e3 d5 6. cxd5 Nb4 7. d3 Nfxd5 8. Nxd5 Nxd5 9. a3 c6 10. Nf3 Bd6 11. 0-0 0-0 12. b4 Qe7 13. Bb2 Kh8 14. e4 fxe4 15. dxe4 Nf6 16. Qc2 a5 17. bxa5 Rxa5 18. a4 Bg4 19. Bc3 Bb4 20. Bxb4 Qxb4 21. Rfb1 Qxe4 22. Qc3 1/2-1/2

[Event "Seville op 39th"]
[Site "Seville"]
[Date "2014.01.16"]
[Round "7"]
[White "Congiu, Mathilde"]
[Black "Melero Fidalgo, Juan de Dios"]
[Result "0-1"]
[WhiteElo "2226"]
[BlackElo "2245"]
[PlyCount "99"]
[EventDate "2014.01.10"]
[EventType "swiss"]
[EventRounds "9"]
[EventCountry "ESP"]
[SourceTitle "CBM 158 Extra"]
[Source "ChessBase"]
[SourceDate "2014.02.28"]
[SourceVersion "1"]
[SourceVersionDate "2014.02.28"]
[SourceQuality "1"]

1. e4 e5 2. Nf3 Nc6 3. Bc4 Nf6 4. d3 Be7 5. 0-0 0-0 6. Re1 d6 7. a4 a5 8. Nbd2 Nd7 9. c3 Bf6 10. Nf1 Nb6 11. Ne3 Nxc4 12. dxc4 Ne7 13. Nd5 Nxd5 14. cxd5 Be7 15. Nd2 Bg5 16. Nc4 Bxc1 17. Qxc1 Bd7 18. Qc2 Qe8 19. Ne3 g6 20. b3 b6 21. f3 f5 22. exf5 gxf5 23. Nf1 Qf7 24. Rad1 f4 25. Qf2 Bf5 26. Re2 Kh8 27. Qh4 Rab8 28. c4 Rbe8 29. Nd2 Bc2 30. Rc1 Qg6 31. Re4 Bxe4 32. Nxe4 Rf5 33. Rc2 Kg7 34. Qf2 Rg8 35. Kf1 Rh5 36. h3 Kh8 37. Rb2 Qf5 38. Ke2 Rh6 39. Rb1 Qg6 40. Kf1 Qg7 41. Rb2 Qf7 42. Rd2 Qf5 43. Re2 Rhg6 44. Qh4 Qf8 45. Qe1 Qh6 46. Rf2 Qh4 47. Qd1 Rxg2 48. Rxg2 Qxh3 49. Qc2 Qh1+ 50. Ke2 0-1

[Event "Seville op 39th"]
[Site "Seville"]
[Date "2014.01.13"]
[Round "4"]
[White "Melero Fidalgo, Juan de Dios"]
[Black "Guerreiro, Nuno M"]
[Result "0-1"]
[WhiteElo "2245"]
[BlackElo "2161"]
[PlyCount "122"]
[EventDate "2014.01.10"]
[EventType "swiss"]
[EventRounds "9"]
[EventCountry "ESP"]
[SourceTitle "CBM 158 Extra"]
[Source "ChessBase"]
[SourceDate "2014.02.28"]
[SourceVersion "1"]
[SourceVersionDate "2014.02.28"]
[SourceQuality "1"]

1. d4 d5 2. c4 e5 3. dxe5 d4 4. Nf3 Nc6 5. Nbd2 Nge7 6. Nb3 Nf5 7. e4 dxe3 8. Qxd8+ Nxd8 9. fxe3 Be7 10. g3 h5 11. e4 Nh6 12. h3 Nc6 13. Be3 Bd7 14. a3 0-0-0 15. 0-0-0 Kb8 16. Bd2 Bc8 17. Bc3 Rxd1+ 18. Kxd1 Rd8+ 19. Kc2 Bf8 20. Nc1 Be6 21. Be2 Be7 22. Nb3 g6 23. Nfd4 Bd7 24. e6 fxe6 25. Nxc6+ Bxc6 26. Bd3 Ba4 27. Rd1 Rf8 28. Bg7 Rf2+ 29. Kc3 Nf7 30. Rf1 Rxf1 31. Bxf1 Bc6 32. Bg2 Bd6 33. g4 h4 34. Kd4 Bf4 35. Na5 e5+ 36. Kd3 Bd7 37. Bf6 g5 38. Nb3 b6 39. Nd2 Be6 40. Nf3 Kc8 41. Bf1 Kd7 42. Kc3 Kd6 43. Bg2 Bc8 44. Bf1 Ke6 45. Bg7 Nd6 46. Bd3 Bb7 47. Nd2 Kf7 48. Bh6 Ke6 49. b4 Kf6 50. c5 bxc5 51. bxc5 Bxd2+ 52. Kxd2 Nxe4+ 53. Ke3 Nxc5 54. Bf1 Ne6 55. Bc4 Ng7 56. Bd3 Bd5 57. a4 a5 58. Bc2 c5 59. Bd3 Bg2 60. Kf2 Bxh3 61. Kf3 Ne6 0-1

[Event "Navalmoral op 19th"]
[Site "Navalmoral"]
[Date "2013.12.08"]
[Round "7"]
[White "Melero Fidalgo, Juan de Dios"]
[Black "Forcen Esteban, Daniel"]
[Result "1/2-1/2"]
[WhiteElo "2250"]
[BlackElo "2511"]
[PlyCount "107"]
[EventDate "2013.12.05"]
[EventType "swiss"]
[EventRounds "7"]
[EventCountry "ESP"]
[SourceTitle "CBM 157 Extra"]
[Source "ChessBase"]
[SourceDate "2013.12.19"]
[SourceVersion "1"]
[SourceVersionDate "2013.12.19"]
[SourceQuality "1"]

1. d4 Nf6 2. c4 g6 3. Nc3 Bg7 4. Nf3 0-0 5. e3 d6 6. Be2 b6 7. 0-0 Nbd7 8. d5 Bb7 9. Nd4 Qe8 10. e4 e5 11. Ndb5 Qd8 12. Bg5 a6 13. Na3 h6 14. Bh4 Qe8 15. Re1 Nh7 16. Nc2 a5 17. Nb5 Qc8 18. Ne3 Nc5 19. Bg4 Qb8 20. f3 Bc8 21. Bxc8 Qxc8 22. Qe2 Qd7 23. Bf2 h5 24. Qc2 f5 25. Nd1 Na6 26. Ndc3 f4 27. a3 g5 28. Qd3 g4 29. Kf1 Kh8 30. Ke2 Ng5 31. Nb1 gxf3+ 32. gxf3 Bf6 33. Kd1 Nh3 34. Qf1 Rg8 35. Nd2 Rg7 36. Kc2 Rag8 37. Re2 Kh7 38. b4 Rg2 39. bxa5 bxa5 40. Ba7 R2g7 41. Qb1 Nc5 42. Bxc5 dxc5 43. Nb3 Ng1 44. Rf2 Bh4 45. Rf1 Qh3 46. Qd1 Qxh2+ 47. Kd3 Nh3 48. Kc3 Bf2 49. Nxc5 Rg2 50. Nxc7 Bd4+ 51. Kb3 Rd2 52. Qb1 Bxa1 53. Ka4 Bb2 54. Nb3 1/2-1/2

[Event "ESP-chT CECLUB 5th-12th"]
[Site "Linares"]
[Date "2013.08.25"]
[Round "2.4"]
[White "Melero Fidalgo, Juan de Dios"]
[Black "Suarez Garcia, Ivan"]
[Result "1-0"]
[WhiteElo "2230"]
[BlackElo "1930"]
[PlyCount "62"]
[EventDate "2013.08.24"]
[EventType "team-match"]
[EventRounds "2"]
[EventCountry "ESP"]
[SourceTitle "CBM 156 Extra"]
[Source "ChessBase"]
[SourceDate "2013.10.22"]
[SourceVersion "1"]
[SourceVersionDate "2013.10.22"]
[SourceQuality "1"]
[WhiteTeam "Pena Oromana"]
[BlackTeam "Oviedo Universidad"]
[WhiteTeamCountry "ESP"]
[BlackTeamCountry "ESP"]

1. d4 d5 2. c4 e5 3. dxe5 d4 4. Nf3 Nc6 5. Nbd2 Bg4 6. h3 Bxf3 7. Nxf3 Bb4+ 8. Bd2 Bxd2+ 9. Qxd2 Qe7 10. g3 Nxe5 11. Nxe5 Qxe5 12. Bg2 c6 13. Rd1 0-0-0 14. 0-0 Nf6 15. b4 Rhe8 16. Rfe1 Ne4 17. Qd3 h5 18. c5 a6 19. Rc1 h4 20. Bxe4 Qxe4 21. g4 Qf4 22. Rc4 Re6 23. e3 Qe4 24. Qxe4 Rxe4 25. Rd1 g6 26. Kg2 f5 27. gxf5 gxf5 28. Rcxd4 Rf8 29. Kf3 Rxd4 30. Ra1 Rh8 31. b5 cxb5 1-0

[Event "ESP-chT CECLUB Div2 Gp2"]
[Site "Burguillos"]
[Date "2012.08.09"]
[Round "2.4"]
[White "Nadal Bestard, Sebastian"]
[Black "Melero Fidalgo, Juan de Dios"]
[Result "0-1"]
[WhiteElo "1855"]
[BlackElo "2259"]
[PlyCount "104"]
[EventDate "2012.08.08"]
[EventType "team-swiss"]
[EventRounds "6"]
[EventCountry "ESP"]
[SourceTitle "CBM 149 Extra"]
[Source "ChessBase"]
[SourceDate "2012.08.24"]
[SourceVersion "1"]
[SourceVersionDate "2012.08.24"]
[SourceQuality "1"]
[WhiteTeam "Binissalem"]
[BlackTeam "Oromana"]
[WhiteTeamCountry "ESP"]
[BlackTeamCountry "ESP"]

1. d4 Nf6 2. Bf4 e6 3. Nf3 c5 4. e3 Nc6 5. Nbd2 d5 6. c3 Nh5 7. Bg5 Qb6 8. Rb1 h6 9. Bh4 g5 10. Ne5 Ng7 11. Bg3 Be7 12. Bd3 Nxe5 13. Bxe5 f6 14. Bg6+ Kf8 15. dxc5 Qxc5 16. Nb3 Qb6 17. Bd4 Qc7 18. e4 e5 19. Be3 dxe4 20. Bxe4 Be6 21. 0-0 f5 22. Bd3 Bd6 23. h3 Rd8 24. Qc2 f4 25. Bd2 h5 26. Be4 Qe7 27. c4 g4 28. c5 Bb8 29. Bb4 Rc8 30. a3 Kg8 31. Rbd1 gxh3 32. f3 Qg5 33. Bxb7 Re8 34. Bc6 Rf8 35. Be4 Qxg2+ 36. Qxg2 hxg2 37. Kxg2 Bxb3 38. Bd5+ Bxd5 39. Rxd5 Bc7 40. Rd7 Rf7 41. Rfd1 Ne6 42. Kf2 Rxd7 43. Rxd7 Rh7 44. Rd1 Kf7 45. c6 Nd4 46. Rc1 Ke6 47. Bf8 Rf7 48. Bb4 Bb6 49. Kf1 Rc7 50. Kg2 Rxc6 51. Rxc6+ Nxc6 52. Kh3 Nxb4 0-1

[Event "Seville op 35th"]
[Site "Seville"]
[Date "2010.01.12"]
[Round "5"]
[White "Melero Fidalgo, Juan de Dios"]
[Black "Lalic, Bogdan"]
[Result "0-1"]
[WhiteElo "2162"]
[BlackElo "2494"]
[PlyCount "82"]
[EventDate "2010.01.08"]
[EventType "swiss"]
[EventRounds "9"]
[EventCountry "ESP"]
[SourceTitle "CBM 134 Extra"]
[Source "ChessBase"]
[SourceDate "2010.03.03"]
[SourceVersion "1"]
[SourceVersionDate "2010.03.03"]
[SourceQuality "1"]

1. d4 Nf6 2. c4 e6 3. Nf3 c5 4. e3 a6 5. Bd3 d5 6. 0-0 dxc4 7. Bxc4 b5 8. Bd3 Bb7 9. Qe2 Nbd7 10. a4 b4 11. Nbd2 cxd4 12. exd4 Be7 13. Nc4 0-0 14. a5 Qb8 15. Rd1 Bd5 16. Nfe5 Nxe5 17. dxe5 Nd7 18. Bf4 Qb7 19. Ne3 Bc6 20. Qh5 g6 21. Qh3 Bb5 22. Bxg6 hxg6 23. Qh6 Rfd8 24. h4 Nf8 25. h5 gxh5 26. Bg5 Rxd1+ 27. Rxd1 Bxg5 28. Qxg5+ Ng6 29. Qxh5 Qe4 30. Ng4 Qxg2+ 31. Kxg2 Nf4+ 32. Kg3 Nxh5+ 33. Kh4 Nf4 34. Kg5 Nd5 35. Nf6+ Kg7 36. Nxd5 exd5 37. Rxd5 Rc8 38. Rd2 b3 39. f4 Rc2 40. Rd8 Rxb2 41. f5 Rg2+ 0-1

[Event "Seville op 34th"]
[Site "Seville"]
[Date "2009.01.31"]
[Round "9"]
[White "Melero Fidalgo, Juan de Dios"]
[Black "Guerra Tulcan, Lenin"]
[Result "0-1"]
[WhiteElo "2175"]
[BlackElo "2310"]
[PlyCount "116"]
[EventDate "2009.01.23"]
[EventType "swiss"]
[EventRounds "9"]
[EventCountry "ESP"]
[SourceTitle "CBM 128 Extra"]
[Source "ChessBase"]
[SourceDate "2009.03.05"]
[SourceVersion "2"]
[SourceVersionDate "2009.03.25"]
[SourceQuality "1"]

1. Nf3 Nf6 2. c4 e6 3. Nc3 d5 4. cxd5 exd5 5. d4 c6 6. Bg5 Be7 7. e3 0-0 8. Bd3 Ne4 9. Bxe7 Qxe7 10. Bxe4 dxe4 11. Nd2 f5 12. Qe2 Be6 13. 0-0 Nd7 14. f3 exf3 15. Nxf3 Rae8 16. Rfe1 Nf6 17. Qc2 Nd5 18. e4 fxe4 19. Rxe4 Qf6 20. Qd2 Rd8 21. Rae1 Bf5 22. Re5 Nxc3 23. bxc3 Bg4 24. Ng5 Rd5 25. Ne4 Qxe5 26. dxe5 Rxd2 27. Nxd2 Be6 28. Ne4 b6 29. a3 Rf4 30. g3 Rf5 31. Nd2 Kf7 32. Re3 Ke7 33. c4 c5 34. a4 Rf8 35. Rc3 Rd8 36. Rc2 Rd3 37. a5 bxa5 38. Kf2 a4 39. Ke2 Ra3 40. Rb2 Bg4+ 41. Kf2 Rd3 42. Ne4 Rb3 43. Ra2 a3 44. Ra1 Bf5 45. Nxc5 Rb2+ 46. Ke3 a2 47. Na4 Rb3+ 48. Kd4 Bb1 49. Nc3 Rb2 50. c5 Kd7 51. h4 Rd2+ 52. Kc4 Bf5 53. Kb5 Be6 54. c6+ Kc7 55. Rc1 Rb2+ 56. Kc5 a6 57. g4 Rb3 58. Kd4 Rb4+ 0-1

[Event "Seville op 34th"]
[Site "Seville"]
[Date "2009.01.27"]
[Round "5"]
[White "Melero Fidalgo, Juan de Dios"]
[Black "Gomez Cerezo, Diego Jesus"]
[Result "1-0"]
[WhiteElo "2175"]
[BlackElo "2056"]
[PlyCount "91"]
[EventDate "2009.01.23"]
[EventType "swiss"]
[EventRounds "9"]
[EventCountry "ESP"]
[SourceTitle "CBM 128 Extra"]
[Source "ChessBase"]
[SourceDate "2009.03.05"]
[SourceVersion "2"]
[SourceVersionDate "2009.03.25"]
[SourceQuality "1"]

1. d4 Nf6 2. c4 g6 3. Nc3 Bg7 4. e4 d6 5. Nf3 0-0 6. Be2 e5 7. d5 a5 8. Bg5 Na6 9. Nd2 h6 10. Bh4 Nc5 11. 0-0 g5 12. Bg3 Nh7 13. Bg4 f5 14. Bxf5 Bxf5 15. exf5 Rxf5 16. f3 Rf7 17. Nde4 Nxe4 18. fxe4 Rxf1+ 19. Qxf1 Qd7 20. Qe2 Nf6 21. Bf2 Ng4 22. Rf1 h5 23. h3 Nf6 24. Be3 g4 25. Rf5 Nxe4 26. Rxh5 Ng3 27. Qxg4 Qxg4 28. hxg4 Nxh5 29. gxh5 Kh7 30. g4 c6 31. Ne4 cxd5 32. cxd5 Rc8 33. g5 Rc2 34. Nxd6 Rxb2 35. Nf5 Rxa2 36. d6 Ra1+ 37. Kf2 Rd1 38. Bd4 Rxd4 39. Nxd4 Bf8 40. d7 Be7 41. g6+ Kg8 42. Ne6 a4 43. h6 a3 44. h7+ Kh8 45. d8Q+ Bxd8 46. Nxd8 1-0

[Event "Seville op 33rd"]
[Site "Seville"]
[Date "2008.01.09"]
[Round "6"]
[White "Belezky, Alexander"]
[Black "Melero Fidalgo, Juan de Dios"]
[Result "1-0"]
[WhiteElo "2449"]
[BlackElo "2184"]
[PlyCount "69"]
[EventDate "2008.01.05"]
[EventType "swiss"]
[EventRounds "9"]
[EventCountry "ESP"]
[SourceTitle "CBM 122 Extra"]
[Source "ChessBase"]
[SourceDate "2008.03.04"]
[SourceVersion "1"]
[SourceVersionDate "2008.03.04"]
[SourceQuality "1"]

1. Nf3 d5 2. b3 Bg4 3. e3 e5 4. h3 Bxf3 5. Qxf3 c6 6. Bb2 Nd7 7. a3 Bd6 8. d3 Ne7 9. g4 0-0 10. Nd2 f5 11. Rg1 f4 12. e4 d4 13. g5 Ng6 14. Qg4 Re8 15. h4 Ngf8 16. Bh3 a5 17. Qd1 a4 18. b4 b5 19. Qb1 Rb8 20. Qa2+ Kh8 21. h5 Qe7 22. Nf3 g6 23. Nh4 Kg7 24. Nf5+ gxf5 25. exf5 Qf7 26. Qxf7+ Kxf7 27. g6+ hxg6 28. fxg6+ Kg8 29. g7 Ne6 30. Rg6 Nxg7 31. Bxd7 Bxb4+ 32. axb4 Re7 33. Bxc6 Kh8 34. Rh6+ Kg8 35. Bd5+ 1-0

[Event "Navalmoral op 13th"]
[Site "Navalmoral"]
[Date "2007.12.06"]
[Round "2"]
[White "Melero Fidalgo, Juan de Dios"]
[Black "Khamrakulov, Ibragim S"]
[Result "0-1"]
[WhiteElo "2205"]
[BlackElo "2604"]
[PlyCount "42"]
[EventDate "2007.12.05"]
[EventType "swiss"]
[EventRounds "9"]
[EventCountry "ESP"]
[SourceTitle "CBM 121 Extra"]
[Source "ChessBase"]
[SourceDate "2008.01.10"]
[SourceVersion "1"]
[SourceVersionDate "2008.01.10"]
[SourceQuality "1"]

1. e4 c5 2. Nc3 Nc6 3. f4 g6 4. Nf3 Bg7 5. Bb5 Nd4 6. 0-0 Nxb5 7. Nxb5 d6 8. Nc3 Nf6 9. d3 0-0 10. Qe1 a6 11. Qh4 b5 12. f5 b4 13. Ne2 e6 14. Bg5 exf5 15. Ng3 h6 16. exf5 hxg5 17. Nxg5 d5 18. Rf4 Ra7 19. Raf1 Re7 20. Nxf7 Kxf7 21. Qg5 gxf5 0-1